00369pam a2200133a 44500008004100000020002800041082001500069100001500084245006500099260003000164300001100194906001100205999001900216230405s2017 xxu||||| |||| 00| 0 eng d a9789386217820cRs.650/- a618.2bWAN aWani,Reene aTextbook Of Midwifery For Nurses For B.Sc. Nursings Students aNew DelhibCBS Pub.c2017 a708 p. a003863 c252098d252098